00735nas a2200229 i 4500001000400000003000900004005001700013007000300030008004100033080000700074245014400081260007100225300002900296310001500325362001000340650001700350700002900367700003200396710004200428852002200470866001300492241ES-MaACL20250217133704.0t|950801c1926 xxk | | 1 ||ng d a4400aArchives of Disease in Childhood b: incorporating the british journal of children's diseases / cdir. Allan Moncrieff, Richard W.B. Ellis. aLondon : bBritish Medical Association, c1926- (fWilliam Clowes) a3 v. : bgrab ; c27 cm. aTrimestral1 a1926-14aPatología.1 aMoncrieff, Allan, edir.1 aEllis, Richard W.B., edir.2 aBritish Medical Association (Londres) aES-MaACLjHem-102 0o1945-47.